000 00669cam a2200193 a 4500
001 000006989
005 20200929154035.0
008 980811s1995 cu a 001 0dspa d
020 _z95970540305
040 _aDO-SdBNP
_cPL#
_dPIT
_dDLC
082 _a923.291
_bM338B
100 1 _aBáez, Luis
_q(Luis Báez Hernández),
_d1936-
_919438
245 1 0 _aMemoria inédita :
_bconversaciones con Juan Marinello /
_cLuis Báez.
260 _aLa Habana :
_bSi-Mar,
_c1995.
300 _aix, 204 p. :
_bil. ;
_c21 cm.
600 1 0 _aMARINELLO, JUAN,
_d1898-1977
_xENTREVISTAS
_919439
650 4 _aAutores cubanos,
_ySIGLO XX
_xEntrevistas
_917016
910 _aCatalogación por copia / LC
999 _c6773
_d6773